Statistics for British History Multiple Choice #1

Click here to take the quiz!

General Stats

  • This quiz has been taken 13,614 times
  • The average score is 10 of 15

Answer Stats

Question Answer % Correct
How did Anne Boleyn meet her end?Beheaded at the Tower of London
85%
What party did Margaret Thatcher lead?Conservative
84%
The Glorious Revolution of 1688 installed William of Orange on the throne of England. Where did William of Orange come from?Netherlands
81%
What adjective has often been used to describe London in the 1960s?Swinging
77%
Which of these countries was NOT part of the British Empire?Indonesia
75%
What city was home to famous thinkers and writers such as David Hume, Adam Smith, and Robert Burns?Edinburgh
73%
Which of these noble ranks is the highest?Duke
72%
Who pointed their finger at YOU in the famous WWI recruiting poster?Lord Kitchener
67%
Who was Thomas Becket?Archbishop of Canterbury murdered in 1170
66%
Who famously led a revolt against the Romans 60 AD?Boudicca
65%
Which of these figures did NOT live during the Elizabethan era?Isaac Newton
63%
Who or what was the Danegeld?Money paid to the Vikings
60%
What body part did Horatio Nelson lose at the Battle of Santa Cruz de Tenerife?Most of his right arm
50%
What name is given to William the Conqueror's brutal campaign that laid waste to northern England and brought it under Norman rule?Harrying of the North
44%
Before decimalisation in 1971, how many pence were in a pound?240
38%

Score Distribution

Percentile by Number Answered

Percent of People with Each Score

Your Score History

You have not taken this quiz